Spirit - Characters by Picture - Statistics

General Stats
  • This quiz has been taken 13 times
    12 since last reset
  • The average score is 12 of 65
Answer Stats
Picture Answer % Correct
Spirit
100%
Fortuna Esperanza 'Lucky' Navarro-Prescott
50%
Prudence 'Pru' Granger
50%
Abigail Stone
38%
Boomerang
38%
Cora Prescott
38%
Daphne
38%
Maricela Gutierrez
38%
Rain
38%
Snips Stone
38%
Al Granger
25%
Bebe Schumann
25%
Bianca / Mary Pat
25%
Chica Linda
25%
Governor
25%
Hendricks
25%
James 'Jim' Prescott Jr.
25%
Kathryn 'Kate' Flores-Prescott
25%
Little Creek
25%
Milagro Navarro
25%
Mystery
25%
The Colonel
25%
Turo
25%
Ursula Lin Yang
25%
Alma
13%
Beans
13%
Beef
13%
Bubblegum
13%
Coach Bradley
13%
Crow
13%
Esperanza
13%
Estrella
13%
Fannie Granger
13%
Fito
13%
Granite
13%
Hacheta
13%
Harlan Grayson
13%
Headmaster Perkins
13%
Jack
13%
Jack Schumann
13%
Jane 'Butch' LePray
13%
Javier
13%
Julian Prescott
13%
Junipero
13%
Luna
13%
Lydia Sterling
13%
Mixtli
13%
Murphy
13%
Priya Kapoor
13%
Sally Jessup
13%
Smoke
13%
Solana
13%
Sorrel
13%
Spirit Jr.
13%
Strider
13%
Tambourine
13%
Dr. Annalisa Cope
0%
James Prescott Sr.
0%
Mayor Gutierrez
0%
Miz McDonnell
0%
Mrs. Hungerford
0%
Rooster
0%
Saher Kapoor
0%
Sgt. Adams
0%
Xerxes
0%
No matching quizzes found
Score Distribution
Percent of People with Each Score
Percentile by Number Answered
Your Score History
You have not taken this quiz since the last reset